Govt. of
Madhya Pradesh

ऑब्जेक्ट ओरिएंटेड प्रोग्रिंमिंग -C++ (Record no. 68814)

MARC details
000 -LEADER
fixed length control field 00347nam a22001097a 4500
082 ## - DEWEY DECIMAL CLASSIFICATION NUMBER
Classification number 004
100 ## - MAIN ENTRY--AUTHOR NAME
Personal name चौबे,संतोष
245 ## - TITLE STATEMENT
Title ऑब्जेक्ट ओरिएंटेड प्रोग्रिंमिंग -C++
260 ## - PUBLICATION, DISTRIBUTION, ETC. (IMPRINT)
Place of publication भोपाल
Name of publisher आईसेक्ट
Year of publication 2024
650 ## - SUBJECT ADDED ENTRY--TOPICAL TERM
Topical Term computer
942 ## - ADDED ENTRY ELEMENTS (KOHA)
Koha item type Competitive Books
Holdings
Withdrawn status Lost status Damaged status Not for loan Home library Current library Date acquired Cost, normal purchase price Full call number Accession Number Price effective from Koha item type
        MACL MACL 06/03/2026 240.00 004 DPI004299 06/03/2026 Competitive Books
        MACL MACL 06/03/2026 240.00 004 DPI004298 06/03/2026 Competitive Books